Đang tải...

Western civilizations : their history and their culture /

Chi tiết về thư mục
Tác giả chính: Cole, Joshua
Định dạng: Printed Book
Ngôn ngữ:English
Được phát hành: New York: W W Norton, 2017.
Phiên bản:4th ed.
Những chủ đề:
LEADER 00836 a2200205 4500
008 170106b xxu||||| |||| 00| 0 eng d
999 |c 112936  |d 112936 
020 |a 9780393265323 
082 |a 909.09821 
100 |a Cole, Joshua 
245 |a Western civilizations :  |b their history and their culture /  |c Joshua Cole and Carol Symes 
250 |a 4th ed. 
260 |b W W Norton,  |c 2017.  |a New York: 
300 |a xxxii, 803p.  |c 27cm. 
650 |a Civilization 
650 |a Civilization, Western 
650 |a Europe 
942 |2 ddc  |c TXT 
952 |0 0  |1 0  |4 0  |6 909_098210000000000_COL_W  |7 0  |9 119625  |a UL  |b UL  |c REF  |d 2016-12-01  |e 176  |g 4441.50  |l 0  |o 909.09821 COL/W  |p 94871  |r 2016-11-27  |v 6345.00  |y TXT 
952 |0 0  |1 0  |2 ddc  |4 0  |6 909_098210000000000_COL_W  |7 0  |9 401993  |a HIS  |b HIS  |c PROC  |d 2020-02-10  |i 26367  |l 0  |o 909.09821 COL/W  |p HIS26367  |r 2020-02-10  |w 2020-02-10  |y REF